00597nam a2200193Ia 450000500170000000800410001702000150005808200130007310000230008624500610010926000580017030000190022865000110024765000130025865000130027194200060028495200980029099900150038820250306042308.0240331s9999 xx 000 0 und d a8170131480 bWICa954 aWickremaratne, U.C 4aThe conservative nature of the British rule of Sri Lanka aNew DelhibNavarang, Booksellers and Publishersc1996 aXiii, 288 p ., aSocial aEconomic aPolicies cL 001040708LaWERCLbWERCLcSSCd2024-03-31l0o 954.93 WICp5096r2024-03-31w2024-03-31yL c3550d3550